[Event "CRO-chT1B 29th"]
[Site "Mali Losinj"]
[Date "2021.10.02"]
[Round "10.63"]
[White "Rade, Miroslav"]
[Black "Cop, Tomislav"]
[Result "1-0"]
[WhiteElo "2379"]
[BlackElo "2323"]
[PlyCount "65"]
[EventDate "2021.09.25"]
[EventType "team-tourn"]
[EventRounds "11"]
[EventCountry "CRO"]
[SourceTitle "CBM 204 Extra"]
[Source "ChessBase"]
[SourceDate "2021.11.30"]
[SourceVersion "1"]
[SourceVersionDate "2021.11.30"]
[SourceQuality "1"]
[WhiteTeam "Split Brda"]
[BlackTeam "Bjelovar"]
[WhiteTeamCountry "CRO"]
[BlackTeamCountry "CRO"]

1. e4 c6 2. Nc3 d5 3. Nf3 Bg4 4. h3 Bh5 5. exd5 cxd5 6. g4 Bg6 7. Ne5 Nc6 8. d4 e6 9. h4 f6 10. Nxc6 bxc6 11. h5 Bf7 12. Bf4 Bd6 13. Bxd6 Qxd6 14. Qd2 e5 15. 0-0-0 Rb8 16. Re1 Kf8 17. dxe5 fxe5 18. Ne4 Qe7 19. Ng3 Qb4 20. Qxb4+ Rxb4 21. f3 Rf4 22. Bg2 e4 23. Ne2 Rf6 24. g5 Rf5 25. f4 Be8 26. c4 Ke7 27. Nc3 Kd6 28. Rd1 Kc5 29. cxd5 cxd5 30. Bh3 Rxf4 31. Nxd5 Rh4 32. b4+ Kd6 33. Nf6+ 1-0

[Event "CRO-chT1B 29th"]
[Site "Mali Losinj"]
[Date "2021.09.30"]
[Round "8.6"]
[White "Tomulic, Teo"]
[Black "Rade, Miroslav"]
[Result "1/2-1/2"]
[WhiteElo "2357"]
[BlackElo "2379"]
[PlyCount "77"]
[EventDate "2021.09.25"]
[EventType "team-tourn"]
[EventRounds "11"]
[EventCountry "CRO"]
[SourceTitle "CBM 204 Extra"]
[Source "ChessBase"]
[SourceDate "2021.11.30"]
[SourceVersion "1"]
[SourceVersionDate "2021.11.30"]
[SourceQuality "1"]
[WhiteTeam "Rijeka Junior"]
[BlackTeam "Split Brda"]
[WhiteTeamCountry "CRO"]
[BlackTeamCountry "CRO"]

1. e4 e5 2. Nf3 Nc6 3. Bb5 a6 4. Ba4 Nf6 5. 0-0 b5 6. Bb3 Bb7 7. d4 Nxd4 8. Nxd4 exd4 9. e5 Ne4 10. Qf3 Qe7 11. c3 d3 12. Re1 Nc5 13. Bd5 c6 14. Be4 Nxe4 15. Qxe4 d6 16. exd6 Qxe4 17. Rxe4+ Kd7 18. Rd4 Re8 19. Be3 Re6 20. Rxd3 Rxd6 21. Rxd6+ Bxd6 22. Nd2 c5 23. c4 Rc8 24. Rd1 Ke6 25. b3 b4 26. f3 a5 27. Kf2 Ra8 28. Ne4 Bxe4 29. fxe4 a4 30. h3 axb3 31. axb3 Ra2+ 32. Kf3 Rb2 33. Rd3 h5 34. Bf2 g5 35. Be3 f6 36. Bc1 Rb1 37. Be3 Rb2 38. Bc1 Rc2 39. Be3 1/2-1/2

[Event "CRO-chT1B 29th"]
[Site "Mali Losinj"]
[Date "2021.09.29"]
[Round "6.53"]
[White "Ostovic, Matija"]
[Black "Rade, Miroslav"]
[Result "1/2-1/2"]
[WhiteElo "2392"]
[BlackElo "2379"]
[PlyCount "73"]
[EventDate "2021.09.25"]
[EventType "team-tourn"]
[EventRounds "11"]
[EventCountry "CRO"]
[SourceTitle "CBM 204 Extra"]
[Source "ChessBase"]
[SourceDate "2021.11.30"]
[SourceVersion "1"]
[SourceVersionDate "2021.11.30"]
[SourceQuality "1"]
[WhiteTeam "Novo Virje Konaki"]
[BlackTeam "Split Brda"]
[WhiteTeamCountry "CRO"]
[BlackTeamCountry "CRO"]

1. e4 e5 2. Nf3 Nc6 3. Bc4 Bc5 4. c3 Nf6 5. d3 a6 6. 0-0 d6 7. b4 Ba7 8. a4 Ne7 9. Nbd2 0-0 10. Re1 Ng6 11. Nf1 c6 12. Bb3 a5 13. Be3 Re8 14. Bxa7 Rxa7 15. Ne3 b6 16. bxa5 bxa5 17. Nc4 Rae7 18. Qc2 d5 19. Ne3 Ng4 20. Nxg4 Bxg4 21. Nd2 Qd6 22. g3 Rd8 23. Nf1 Qf6 24. Ne3 Bf3 25. exd5 cxd5 26. Qd2 Qe6 27. Bd1 Bxd1 28. Raxd1 f5 29. c4 dxc4 30. Nxc4 Red7 31. Qxa5 e4 32. Qb6 Qf7 33. a5 exd3 34. Qe6 Rd4 35. Qxf7+ Kxf7 36. Ne5+ Nxe5 37. Rxe5 1/2-1/2

[Event "CRO-chT1B 29th"]
[Site "Mali Losinj"]
[Date "2021.09.25"]
[Round "1.5"]
[White "Milanovic, Danilo"]
[Black "Rade, Miroslav"]
[Result "1-0"]
[WhiteElo "2408"]
[BlackElo "2379"]
[PlyCount "51"]
[EventDate "2021.09.25"]
[EventType "team-tourn"]
[EventRounds "11"]
[EventCountry "CRO"]
[SourceTitle "CBM 204 Extra"]
[Source "ChessBase"]
[SourceDate "2021.11.30"]
[SourceVersion "1"]
[SourceVersionDate "2021.11.30"]
[SourceQuality "1"]
[WhiteTeam "Vinkovci"]
[BlackTeam "Split Brda"]
[WhiteTeamCountry "CRO"]
[BlackTeamCountry "CRO"]

1. c4 Nf6 2. Nc3 e5 3. g3 Bb4 4. Bg2 0-0 5. e4 Bxc3 6. bxc3 Re8 7. Ne2 c6 8. Qb3 b6 9. d3 d5 10. cxd5 cxd5 11. exd5 Na6 12. Ba3 e4 13. 0-0 exd3 14. Nf4 Ne4 15. Qd1 Nac5 16. Nxd3 Ba6 17. Nxc5 Bxf1 18. Ne6 fxe6 19. Bxe4 Be2 20. Qd2 Rc8 21. d6 Bb5 22. Qc2 Qf6 23. Bxh7+ Kf7 24. Bb2 g6 25. c4 e5 26. Qxg6+ 1-0

[Event "CRO-chT1B 28th"]
[Site "Mali Losinj"]
[Date "2019.09.28"]
[Round "1.14"]
[White "Vlaic, Branko"]
[Black "Rade, Miroslav"]
[Result "0-1"]
[WhiteElo "2270"]
[BlackElo "2390"]
[PlyCount "86"]
[EventDate "2019.09.28"]
[EventType "team-tourn"]
[EventRounds "9"]
[EventCountry "CRO"]
[SourceTitle "EXT 2020"]
[Source "ChessBase"]
[SourceDate "2019.10.17"]
[SourceVersion "1"]
[SourceVersionDate "2019.10.17"]
[SourceQuality "1"]
[WhiteTeam "Sibenik"]
[BlackTeam "Split Brda"]
[WhiteTeamCountry "CRO"]
[BlackTeamCountry "CRO"]

1. d4 Nf6 2. Nf3 g6 3. Bg5 Bg7 4. Nbd2 c5 5. Bxf6 Bxf6 6. Ne4 Qb6 7. Nxf6+ Qxf6 8. c3 Qb6 9. Qb3 d6 10. e4 0-0 11. Be2 Bg4 12. d5 Nd7 13. Nd2 Bxe2 14. Kxe2 Qa6+ 15. c4 e6 16. Rhe1 Rab8 17. a4 Qa5 18. Qb5 Qd8 19. Nf3 e5 20. g4 Nf6 21. Nd2 Nxg4 22. f3 Nf6 23. h4 Nh5 24. Kd3 Qxh4 25. Rh1 Qe7 26. Rag1 Nf4+ 27. Ke3 f5 28. Qb3 Rf7 29. Qc2 Rbf8 30. Rh2 Kh8 31. Qb1 Nh5 32. Qd1 a6 33. Kd3 Qd7 34. b3 b5 35. axb5 axb5 36. Qa1 Qb7 37. Ke3 Ra8 38. Qc1 b4 39. Rg5 Qe7 40. Qg1 Ra1 41. Qxa1 Qxg5+ 42. Kd3 fxe4+ 43. fxe4 Qg3+ 0-1

[Event "CRO-chT1B 27th"]
[Site "Biograd"]
[Date "2018.09.21"]
[Round "7.33"]
[White "Bilobrk, Franjo"]
[Black "Rade, Miroslav"]
[Result "1-0"]
[WhiteElo "2360"]
[BlackElo "2395"]
[PlyCount "177"]
[EventDate "2018.09.15"]
[EventType "team-swiss"]
[EventRounds "9"]
[EventCountry "CRO"]
[SourceTitle "CBM 186 Extra"]
[Source "ChessBase"]
[SourceDate "2018.08.24"]
[SourceVersion "1"]
[SourceVersionDate "2018.08.24"]
[SourceQuality "1"]
[WhiteTeam "Bibinje Goran"]
[BlackTeam "Split Brda"]
[WhiteTeamCountry "CRO"]
[BlackTeamCountry "CRO"]

1. d4 Nf6 2. Nf3 d5 3. c4 e6 4. Nc3 Bb4 5. cxd5 exd5 6. Qa4+ Nc6 7. Bg5 h6 8. Bxf6 Qxf6 9. e3 0-0 10. Be2 Rd8 11. 0-0 a6 12. Rfc1 Rb8 13. a3 Bf8 14. b4 Bg4 15. Qd1 Bxf3 16. Bxf3 Ne7 17. Na4 c6 18. Nc5 Nf5 19. Bg4 Qg5 20. Bxf5 Qxf5 21. a4 Rd6 22. Qf3 Qg5 23. g3 Qd8 24. Rab1 Rf6 25. Qg4 Bxc5 26. bxc5 Rg6 27. Qd1 b5 28. cxb6 Rxb6 29. Qd2 Rb8 30. Qc3 Rf6 31. Rb4 a5 32. Rb2 Rxb2 33. Qxb2 Qd7 34. Rc5 h5 35. h4 Qc7 36. Kg2 Qd7 37. Qe2 Qf5 38. Rxa5 Qe4+ 39. f3 Qb1 40. Rc5 Re6 41. a5 Qa1 42. Qd2 g6 43. Rc1 Qa4 44. Qc3 Qa2+ 45. Rc2 Qa4 46. Kf2 Re7 47. Qd2 Ra7 48. Ra2 Qb5 49. Qc3 Ra6 50. Ra1 Kg7 51. e4 Kg8 52. e5 Kg7 53. g4 hxg4 54. fxg4 Qb7 55. Kg3 Qc7 56. g5 Qa7 57. Qb4 Qc7 58. Ra3 c5 59. Qxc5 Rc6 60. Qxd5 Rc1 61. Rf3 Rg1+ 62. Kh2 Ra1 63. Kg2 Rxa5 64. Rxf7+ Qxf7 65. Qxa5 Qb7+ 66. Kg3 Qb3+ 67. Kf4 Qf7+ 68. Ke3 Qb3+ 69. Ke4 Qb7+ 70. d5 Qb1+ 71. Kd4 Qb2+ 72. Qc3 Qb6+ 73. Ke4 Qa7 74. e6+ Kh7 75. Qc6 Qa2 76. Qd7+ Kh8 77. Qe8+ Kh7 78. Qf7+ Kh8 79. Qf8+ Kh7 80. Qh6+ Kg8 81. Qxg6+ Kh8 82. Qf6+ Kg8 83. e7 Qe2+ 84. Kf4 Qf2+ 85. Kg4 Qe2+ 86. Qf3 Qxe7 87. g6 Kh8 88. Kh3 Qd6 89. g7+ 1-0

[Event "CRO-chT1B 27th"]
[Site "Biograd"]
[Date "2018.09.20"]
[Round "6.43"]
[White "Rade, Miroslav"]
[Black "Saric, Ibro"]
[Result "1/2-1/2"]
[WhiteElo "2395"]
[BlackElo "2546"]
[PlyCount "46"]
[EventDate "2018.09.15"]
[EventType "team-swiss"]
[EventRounds "9"]
[EventCountry "CRO"]
[SourceTitle "CBM 186 Extra"]
[Source "ChessBase"]
[SourceDate "2018.08.24"]
[SourceVersion "1"]
[SourceVersionDate "2018.08.24"]
[SourceQuality "1"]
[WhiteTeam "Split Brda"]
[BlackTeam "Split Mornar"]
[WhiteTeamCountry "CRO"]
[BlackTeamCountry "CRO"]

1. e4 d6 2. d4 Nf6 3. Nc3 g6 4. Nf3 Bg7 5. Be2 0-0 6. 0-0 Nc6 7. d5 Ne5 8. Nxe5 dxe5 9. Bg5 e6 10. Qc1 exd5 11. Nxd5 c6 12. Nxf6+ Bxf6 13. Rd1 Bxg5 14. Rxd8 Bxc1 15. Rxf8+ Kxf8 16. Rxc1 Be6 17. Rd1 a5 18. a3 Ke7 19. f3 f5 20. exf5 gxf5 21. f4 Bd5 22. fxe5 Rg8 23. g3 f4 1/2-1/2

[Event "CRO-chT1B 26th"]
[Site "Mali Losinj"]
[Date "2017.10.05"]
[Round "8.34"]
[White "Vujakovic, Branko"]
[Black "Rade, Miroslav"]
[Result "0-1"]
[WhiteElo "2355"]
[BlackElo "2432"]
[PlyCount "42"]
[EventDate "2017.09.28"]
[EventType "team-tourn"]
[EventRounds "9"]
[EventCountry "CRO"]
[SourceTitle "EXT 2018"]
[Source "ChessBase"]
[SourceDate "2017.10.13"]
[SourceVersion "1"]
[SourceVersionDate "2017.10.13"]
[SourceQuality "1"]
[WhiteTeam "Zagreb Mladost"]
[BlackTeam "Split Brda"]
[WhiteTeamCountry "CRO"]
[BlackTeamCountry "CRO"]

1. e4 e5 2. Nf3 Nc6 3. Bb5 Nge7 4. Nc3 g6 5. d4 exd4 6. Nd5 Nxd5 7. exd5 Qe7+ 8. Kf1 Ne5 9. Bf4 Bg7 10. Qxd4 f6 11. Re1 0-0 12. Nxe5 fxe5 13. Bxe5 Re8 14. f4 d6 15. Bxe8 dxe5 16. Bb5 Qf8 17. Rxe5 Bf5 18. Kf2 Bxe5 19. Qxe5 Qc5+ 20. Kg3 Qxb5 21. h3 Re8 0-1

[Event "CRO-chT1B 26th"]
[Site "Mali Losinj"]
[Date "2017.10.04"]
[Round "7.34"]
[White "Rade, Miroslav"]
[Black "Bilobrk, Franjo"]
[Result "1/2-1/2"]
[WhiteElo "2432"]
[BlackElo "2362"]
[PlyCount "24"]
[EventDate "2017.09.28"]
[EventType "team-tourn"]
[EventRounds "9"]
[EventCountry "CRO"]
[SourceTitle "EXT 2018"]
[Source "ChessBase"]
[SourceDate "2017.10.13"]
[SourceVersion "1"]
[SourceVersionDate "2017.10.13"]
[SourceQuality "1"]
[WhiteTeam "Split Brda"]
[BlackTeam "Bibinje Goran"]
[WhiteTeamCountry "CRO"]
[BlackTeamCountry "CRO"]

1. e4 e6 2. d4 d5 3. exd5 exd5 4. c4 Nf6 5. Nc3 Be7 6. Nf3 0-0 7. cxd5 Nxd5 8. Be2 c5 9. 0-0 Nc6 10. Nxd5 Qxd5 11. dxc5 Qxd1 12. Rxd1 Bxc5 1/2-1/2

[Event "CRO-chT1B 26th"]
[Site "Mali Losinj"]
[Date "2017.10.03"]
[Round "6.44"]
[White "Biti, Ozren"]
[Black "Rade, Miroslav"]
[Result "1/2-1/2"]
[WhiteElo "2345"]
[BlackElo "2432"]
[PlyCount "23"]
[EventDate "2017.09.28"]
[EventType "team-tourn"]
[EventRounds "9"]
[EventCountry "CRO"]
[SourceTitle "EXT 2018"]
[Source "ChessBase"]
[SourceDate "2017.10.13"]
[SourceVersion "1"]
[SourceVersionDate "2017.10.13"]
[SourceQuality "1"]
[WhiteTeam "Djakovo Limmont"]
[BlackTeam "Split Brda"]
[WhiteTeamCountry "CRO"]
[BlackTeamCountry "CRO"]

1. e4 e5 2. Nf3 Nc6 3. Bc4 Bc5 4. 0-0 d6 5. c3 Nf6 6. d3 a6 7. a4 0-0 8. Na3 h6 9. Nc2 Be6 10. Bxe6 fxe6 11. b4 Ba7 12. Be3 1/2-1/2

[Event "CRO-chT1B 26th"]
[Site "Mali Losinj"]
[Date "2017.10.02"]
[Round "5.24"]
[White "Rade, Miroslav"]
[Black "Brzic, Roko"]
[Result "1-0"]
[WhiteElo "2432"]
[BlackElo "1942"]
[PlyCount "67"]
[EventDate "2017.09.28"]
[EventType "team-tourn"]
[EventRounds "9"]
[EventCountry "CRO"]
[SourceTitle "EXT 2018"]
[Source "ChessBase"]
[SourceDate "2017.10.13"]
[SourceVersion "1"]
[SourceVersionDate "2017.10.13"]
[SourceQuality "1"]
[WhiteTeam "Split Brda"]
[BlackTeam "Zadar"]
[WhiteTeamCountry "CRO"]
[BlackTeamCountry "CRO"]

1. e4 b6 2. d4 Bb7 3. Bd3 e6 4. Qe2 c5 5. d5 Be7 6. c4 exd5 7. exd5 d6 8. f4 Nf6 9. Nc3 0-0 10. Nf3 Re8 11. 0-0 Bc8 12. h3 Bf8 13. Qc2 Na6 14. a3 Nc7 15. Bd2 h6 16. Kh2 b5 17. b3 a5 18. Rad1 bxc4 19. bxc4 Rb8 20. g4 Na8 21. Ne2 a4 22. Qxa4 Nb6 23. Qc2 Ra8 24. Bc1 Bd7 25. Nc3 Qc8 26. Rg1 Bxg4 27. hxg4 Nxg4+ 28. Kg3 Ne3 29. Bxe3 Rxe3 30. Kf2 Rxf3+ 31. Kxf3 Qh3+ 32. Rg3 Qh5+ 33. Kg2 Rxa3 34. Rh1 1-0

[Event "CRO Cup"]
[Site "Mali Losinj"]
[Date "2017.05.11"]
[Round "3.6"]
[White "Jelcic, Marko"]
[Black "Rade, Miroslav"]
[Result "1/2-1/2"]
[WhiteElo "2147"]
[BlackElo "2434"]
[PlyCount "31"]
[EventDate "2017.05.10"]
[EventType "team-swiss"]
[EventRounds "6"]
[EventCountry "CRO"]
[SourceTitle "CBM 178 Extra"]
[Source "ChessBase"]
[SourceDate "2017.06.22"]
[SourceVersion "1"]
[SourceVersionDate "2017.06.22"]
[SourceQuality "1"]
[WhiteTeam "Dubrovnik"]
[BlackTeam "Split Brda"]
[WhiteTeamCountry "CRO"]
[BlackTeamCountry "CRO"]

1. e4 e5 2. Nf3 Nc6 3. d4 exd4 4. Bc4 Bc5 5. c3 Nf6 6. e5 d5 7. Bb5 Ne4 8. cxd4 Bb6 9. Be3 0-0 10. Bxc6 bxc6 11. Qc2 Qe8 12. 0-0 f6 13. Rc1 fxe5 14. Nxe5 c5 15. dxc5 Qxe5 16. cxb6 1/2-1/2

[Event "CRO-chT1A 25th"]
[Site "Sibenik"]
[Date "2016.10.14"]
[Round "7.2"]
[White "Rade, Miroslav"]
[Black "Kurajica, Bojan"]
[Result "1/2-1/2"]
[WhiteElo "2451"]
[BlackElo "2533"]
[PlyCount "97"]
[EventDate "2016.10.08"]
[EventType "team-tourn"]
[EventRounds "9"]
[EventCountry "CRO"]
[SourceTitle "EXT 2017"]
[Source "ChessBase"]
[SourceDate "2016.10.25"]
[SourceVersion "1"]
[SourceVersionDate "2016.10.25"]
[SourceQuality "1"]
[WhiteTeam "Split Brda"]
[BlackTeam "Solin Cemex"]
[WhiteTeamCountry "CRO"]
[BlackTeamCountry "CRO"]

1. e4 c5 2. Nf3 Nc6 3. d4 cxd4 4. Nxd4 Qb6 5. Nb3 Nf6 6. Nc3 e6 7. Bd3 a6 8. Be3 Qc7 9. Na4 Ne5 10. Nb6 Rb8 11. h3 Bb4+ 12. c3 Nxd3+ 13. Qxd3 Be7 14. 0-0 0-0 15. Rfd1 Rd8 16. a4 d6 17. c4 Bd7 18. Rac1 Be8 19. a5 h6 20. Nd4 Nd7 21. Ne2 Ne5 22. Qd2 Ng6 23. b4 Bf8 24. Nf4 Nh4 25. f3 Qe7 26. Qf2 g5 27. Ne2 Bc6 28. Bd4 Ng6 29. Nc3 Bg7 30. Bxg7 Kxg7 31. Rd2 Qf6 32. Qe3 Qe5 33. Rcd1 Kf8 34. c5 d5 35. Nc4 Qg3 36. Qf2 Qf4 37. Nb6 Ne7 38. exd5 Bxd5 39. Ncxd5 exd5 40. Qd4 Qxd4+ 41. Rxd4 Nc6 42. Rxd5 Rxd5 43. Rxd5 Re8 44. Kf2 Nxb4 45. Rd7 Re5 46. Rxb7 Nd3+ 47. Kg3 Nxc5 48. Ra7 Kg7 49. h4 1/2-1/2

[Event "CRO-chT1A 25th"]
[Site "Sibenik"]
[Date "2016.10.09"]
[Round "2.2"]
[White "Sulava, Nenad"]
[Black "Rade, Miroslav"]
[Result "1-0"]
[WhiteElo "2459"]
[BlackElo "2451"]
[PlyCount "53"]
[EventDate "2016.10.08"]
[EventType "team-tourn"]
[EventRounds "9"]
[EventCountry "CRO"]
[SourceTitle "EXT 2017"]
[Source "ChessBase"]
[SourceDate "2016.10.25"]
[SourceVersion "1"]
[SourceVersionDate "2016.10.25"]
[SourceQuality "1"]
[WhiteTeam "Osijek"]
[BlackTeam "Split Brda"]
[WhiteTeamCountry "CRO"]
[BlackTeamCountry "CRO"]

1. Nf3 Nf6 2. c4 c5 3. Nc3 Nc6 4. e3 e5 5. a3 d5 6. cxd5 Nxd5 7. Qc2 Be6 8. Bb5 f6 9. d4 Nxc3 10. bxc3 Bd6 11. dxe5 fxe5 12. Bd3 g6 13. Rb1 Qe7 14. Be4 c4 15. h4 0-0-0 16. Bxc6 bxc6 17. Qa4 Bd5 18. e4 Bxe4 19. Bg5 Qe6 20. Qa6+ Kd7 21. Rb7+ Bc7 22. Bxd8 Rxd8 23. Qxa7 Qd6 24. 0-0 Bd3 25. Rxc7+ Qxc7 26. Nxe5+ Kc8 27. Qa8+ 1-0

[Event "CRO-chT1A 25th"]
[Site "Sibenik"]
[Date "2016.10.08"]
[Round "1.5"]
[White "Rade, Miroslav"]
[Black "Djurovic, Goran"]
[Result "1/2-1/2"]
[WhiteElo "2451"]
[BlackElo "2398"]
[PlyCount "40"]
[EventDate "2016.10.08"]
[EventType "team-tourn"]
[EventRounds "9"]
[EventCountry "CRO"]
[SourceTitle "EXT 2017"]
[Source "ChessBase"]
[SourceDate "2016.10.25"]
[SourceVersion "1"]
[SourceVersionDate "2016.10.25"]
[SourceQuality "1"]
[WhiteTeam "Split Brda"]
[BlackTeam "Sesvete Sljeme"]
[WhiteTeamCountry "CRO"]
[BlackTeamCountry "CRO"]

1. e4 e5 2. Nf3 Nc6 3. Bb5 a6 4. Ba4 b5 5. Bb3 Na5 6. 0-0 d6 7. d4 f6 8. Qd3 Nxb3 9. axb3 c5 10. Nc3 cxd4 11. Nxb5 Bb7 12. Na3 d5 13. exd5 Bxa3 14. Rxa3 Qxd5 15. Bd2 Ne7 16. Ra5 Qc6 17. Re1 0-0 18. Bb4 Rf7 19. Bxe7 Rxe7 20. Qc4+ Qxc4 1/2-1/2

[Event "CRO Cup"]
[Site "Mali Losinj"]
[Date "2016.05.07"]
[Round "5.61"]
[White "Rade, Miroslav"]
[Black "Pikula, Dejan"]
[Result "1/2-1/2"]
[WhiteElo "2453"]
[BlackElo "2435"]
[PlyCount "28"]
[EventDate "2016.05.04"]
[EventType "team-swiss"]
[EventRounds "6"]
[EventCountry "CRO"]
[SourceTitle "CBM 172 Extra"]
[Source "ChessBase"]
[SourceDate "2016.06.21"]
[SourceVersion "1"]
[SourceVersionDate "2016.06.21"]
[SourceQuality "1"]
[WhiteTeam "Split Brda"]
[BlackTeam "Sesvete Sljeme"]
[WhiteTeamCountry "CRO"]
[BlackTeamCountry "CRO"]

1. e4 c6 2. Nc3 d5 3. Nf3 a6 4. d4 Bg4 5. h3 Bh5 6. g4 Bg6 7. Ne5 e6 8. exd5 cxd5 9. h4 f6 10. Nxg6 hxg6 11. Qd3 g5 12. h5 Bd6 13. Ne2 Qc7 14. Bd2 Nc6 1/2-1/2

[Event "CRO Cup"]
[Site "Mali Losinj"]
[Date "2016.05.06"]
[Round "4.41"]
[White "Rade, Miroslav"]
[Black "Saric, Ante"]
[Result "0-1"]
[WhiteElo "2453"]
[BlackElo "2594"]
[PlyCount "52"]
[EventDate "2016.05.04"]
[EventType "team-swiss"]
[EventRounds "6"]
[EventCountry "CRO"]
[SourceTitle "CBM 172 Extra"]
[Source "ChessBase"]
[SourceDate "2016.06.21"]
[SourceVersion "1"]
[SourceVersionDate "2016.06.21"]
[SourceQuality "1"]
[WhiteTeam "Split Brda"]
[BlackTeam "Split Mornar"]
[WhiteTeamCountry "CRO"]
[BlackTeamCountry "CRO"]

1. e4 e6 2. d4 d5 3. Nd2 c5 4. exd5 Qxd5 5. dxc5 Bxc5 6. Ngf3 Nf6 7. Bc4 Qc6 8. Qe2 a6 9. a4 0-0 10. 0-0 Nbd7 11. Rd1 Qc7 12. Nb3 Bd6 13. Qd3 Ne5 14. Nxe5 Bxe5 15. g3 Bd7 16. f4 Bd6 17. Qxd6 Qxc4 18. Qd3 Rfc8 19. Be3 Qxc2 20. a5 Nd5 21. Bd4 Qxd3 22. Rxd3 Rc2 23. Nc5 Bb5 24. Rdd1 Bc6 25. Rac1 Re2 26. Nd3 Ba4 0-1

[Event "CRO-chT1A 24th"]
[Site "Bol"]
[Date "2015.10.09"]
[Round "7.12"]
[White "Rade, Miroslav"]
[Black "Oparin, Grigoriy"]
[Result "1/2-1/2"]
[WhiteElo "2432"]
[BlackElo "2569"]
[PlyCount "70"]
[EventDate "2015.10.03"]
[EventType "team-tourn"]
[EventRounds "9"]
[EventCountry "CRO"]
[SourceTitle "CBM 168 Extra"]
[Source "ChessBase"]
[SourceDate "2015.10.29"]
[SourceVersion "1"]
[SourceVersionDate "2015.10.29"]
[SourceQuality "1"]
[WhiteTeam "Split Brda"]
[BlackTeam "Solin Cemex"]
[WhiteTeamCountry "CRO"]
[BlackTeamCountry "CRO"]

1. e4 c5 2. Nf3 d6 3. Bb5+ Nd7 4. d4 cxd4 5. Qxd4 a6 6. Bxd7+ Bxd7 7. 0-0 Nf6 8. Bg5 e6 9. c4 Be7 10. Nc3 Bc6 11. Rfe1 0-0 12. Rad1 Rc8 13. Bxf6 Bxf6 14. Qxd6 Qa5 15. Qd2 Qc5 16. Rc1 Rfd8 17. Qe2 b6 18. b3 b5 19. h3 bxc4 20. Na4 Qa5 21. Qxc4 Bd7 22. Nc5 Bb5 23. Nb7 Rxc4 24. Nxa5 Rxc1 25. Rxc1 Kf8 26. e5 Be7 27. a4 Be2 28. Nc6 Ba3 29. Re1 Rd1 30. Ncd4 Bb4 31. Rxd1 Bxd1 32. Kf1 Bc3 33. Ne2 Bb2 34. Ned4 Bc3 35. Ne2 Bb2 1/2-1/2

[Event "CRO-chT1A 24th"]
[Site "Bol"]
[Date "2015.10.04"]
[Round "2.13"]
[White "Rade, Miroslav"]
[Black "Muse, Drazen"]
[Result "1-0"]
[WhiteElo "2432"]
[BlackElo "2393"]
[PlyCount "57"]
[EventDate "2015.10.03"]
[EventType "team-tourn"]
[EventRounds "9"]
[EventCountry "CRO"]
[SourceTitle "CBM 168 Extra"]
[Source "ChessBase"]
[SourceDate "2015.10.29"]
[SourceVersion "1"]
[SourceVersionDate "2015.10.29"]
[SourceQuality "1"]
[WhiteTeam "Split Brda"]
[BlackTeam "Pozega"]
[WhiteTeamCountry "CRO"]
[BlackTeamCountry "CRO"]

1. e4 e6 2. d4 c5 3. Nf3 a6 4. c3 Nf6 5. e5 Nd5 6. Bd3 cxd4 7. cxd4 d6 8. exd6 Bxd6 9. 0-0 Nc6 10. Nc3 Ncb4 11. Bb1 Nf6 12. Re1 0-0 13. Bg5 Be7 14. a3 Nbd5 15. Qd3 g6 16. Ba2 Nxc3 17. bxc3 b5 18. Ne5 Bb7 19. Bh6 Nd5 20. Bxf8 Qxf8 21. Bxd5 Bxd5 22. a4 f6 23. Nd7 Qd8 24. Nc5 Bc4 25. Qe3 Bxc5 26. dxc5 Rc8 27. axb5 axb5 28. Ra7 Qf8 29. Qh3 1-0

[Event "CRO-chT1A 24th"]
[Site "Bol"]
[Date "2015.10.03"]
[Round "1.13"]
[White "Zelcic, Robert"]
[Black "Rade, Miroslav"]
[Result "1/2-1/2"]
[WhiteElo "2518"]
[BlackElo "2432"]
[PlyCount "93"]
[EventDate "2015.10.03"]
[EventType "team-tourn"]
[EventRounds "9"]
[EventCountry "CRO"]
[SourceTitle "CBM 168 Extra"]
[Source "ChessBase"]
[SourceDate "2015.10.29"]
[SourceVersion "1"]
[SourceVersionDate "2015.10.29"]
[SourceQuality "1"]
[WhiteTeam "Zagreb Zagreb"]
[BlackTeam "Split Brda"]
[WhiteTeamCountry "CRO"]
[BlackTeamCountry "CRO"]

1. e4 e5 2. Nf3 Nc6 3. Bb5 a6 4. Ba4 Nf6 5. d4 exd4 6. 0-0 Be7 7. e5 Ne4 8. Re1 Nc5 9. Bxc6 dxc6 10. Nxd4 Ne6 11. Nf5 Qxd1 12. Rxd1 Bd8 13. Nc3 0-0 14. Be3 Re8 15. Rd2 f6 16. exf6 Bxf6 17. Rad1 Nf8 18. Ng3 Bg4 19. Rb1 Bxc3 20. bxc3 b5 21. a3 Be6 22. Bf4 Rac8 23. Nf1 Ng6 24. Bg3 Ne7 25. Re1 Bc4 26. Rd7 Nd5 27. Be5 Nf6 28. Rd4 Re7 29. f4 Bxf1 30. Kxf1 Rce8 31. c4 Ng4 32. cxb5 cxb5 33. Rd5 Nxh2+ 34. Kf2 Ng4+ 35. Kf3 Nf6 36. Rc5 Nd7 37. Rxc7 Nxe5+ 38. Rxe5 Rxe5 39. fxe5 Rxe5 40. g4 h6 41. Rc6 a5 42. Ra6 a4 43. Rc6 Re1 44. c4 Ra1 45. cxb5 Rxa3+ 46. Kg2 Rb3 47. Ra6 1/2-1/2

[Event "CRO-CupT final"]
[Site "Sibenik"]
[Date "2015.05.24"]
[Round "6.61"]
[White "Rade, Miroslav"]
[Black "Pikula, Dejan"]
[Result "1/2-1/2"]
[WhiteElo "2428"]
[BlackElo "2469"]
[PlyCount "84"]
[EventDate "2015.05.20"]
[EventType "team-swiss"]
[EventRounds "6"]
[EventCountry "CRO"]
[SourceTitle "CBM 166 Extra"]
[Source "ChessBase"]
[SourceDate "2015.06.18"]
[SourceVersion "1"]
[SourceVersionDate "2015.06.18"]
[SourceQuality "1"]
[WhiteTeam "Split Brda"]
[BlackTeam "Sesvete"]
[WhiteTeamCountry "CRO"]
[BlackTeamCountry "CRO"]

1. e4 c5 2. Nf3 e6 3. d4 cxd4 4. Nxd4 a6 5. Bd3 Bc5 6. Nb3 Be7 7. Qg4 g6 8. Qe2 d6 9. 0-0 Qc7 10. a4 b6 11. Na3 Nd7 12. Nc4 Ngf6 13. Bh6 Bb7 14. Rfe1 Rc8 15. Ncd2 Ra8 16. Nc4 Rc8 17. Ncd2 Ra8 18. h3 Bf8 19. Be3 Bg7 20. a5 0-0 21. axb6 Nxb6 22. Na5 Bc8 23. Ra2 d5 24. e5 Nfd7 25. Nf3 Nc5 26. Bd2 Nxd3 27. cxd3 Bd7 28. b4 Rfc8 29. Qe3 Rab8 30. Rd1 d4 31. Qxd4 Nd5 32. Raa1 Bb5 33. Nc4 Bxc4 34. dxc4 Rxb4 35. Bxb4 Nxb4 36. Qd6 Bf8 37. Qd4 a5 38. Ne1 Bc5 39. Qf4 Qb6 40. Qf3 a4 41. Rac1 Nc6 42. Rd7 Rf8 1/2-1/2